[Event "DEN-chT 25th corr"]
[Site "Denmark"]
[Date "2000.??.??"]
[Round "3"]
[White "Christensen, Allan N"]
[Black "Pedersen, Svend"]
[Result "0-1"]
[WhiteElo "1679"]
[BlackElo "2244"]
[PlyCount "86"]
[EventDate "2000.??.??"]
[EventType "team (corr)"]
[EventRounds "4"]
[EventCountry "DEN"]
[SourceTitle "Corr 2004"]
[Source "ChessBase"]
[SourceDate "2003.04.28"]
[SourceVersion "3"]
[SourceVersionDate "2003.04.28"]
[SourceQuality "1"]

1. e4 g6 2. d4 Bg7 3. Nc3 d6 4. Be2 c6 5. a4 Qc7 6. Nf3 Nd7 7. 0-0 Ngf6 8. Be3 0-0 9. a5 e5 10. d5 cxd5 11. Nb5 Qb8 12. exd5 a6 13. Na3 b5 14. axb6 Nxb6 15. c4 Ng4 16. Bd2 e4 17. Ng5 Nf6 18. f3 exf3 19. Rxf3 h6 20. Bc3 hxg5 21. Bxf6 Bxf6 22. Rxf6 Nd7 23. Rf2 Qxb2 24. Nb5 Qe5 25. Bf3 Nc5 26. Nd4 Qe3 27. Qd2 Qxd2 28. Rxd2 Rb8 29. Re1 Rb4 30. Be2 Re8 31. Kf1 Bd7 32. Nc6 Rb6 33. Bf3 Rxe1+ 34. Kxe1 f5 35. Be2 f4 36. Na5 Kf7 37. Rd1 Kf6 38. Ra1 Ke5 39. Ra2 Rb1+ 40. Kd2 Rg1 41. Nc6+ Kf6 42. g3 Rg2 43. Rb2 Rxh2 0-1